LEADER 00922naa a2200181 u 4500 001 000000092803 003 CaOOAMICUS 005 20070226130130.0 008 940721s1931 it u000 u lat u 035 $a10133256 040 $aPUL$bita 100 0 $aHieronymus a Parisiis,$cO.M.C.$0(OLS)http://pul/name/59826 245 10$aDe unione animae cum corpore in doctrina D. Augustini. 260 $a[S. l. :$bs. n.],$c1931. 300 $ap. [271]-311 773 0 $aAccademia romana di S. Tommaso d'Aquino e di religione cattolica.$tActa hebdomadae augustinianae-thomisticae ab Academia romana sancti Thomae indictae recurrente XV centenario anno a felici transitu s. Augustini ac simul quinquagesimo anno a creatione eiusdem academiae : (Romae, 23-30 aprilis 1930)$w()5024 996 $6245$aDe unione animae cum corpore in doctrina D. Augustini$9(OLS)http://pul/title/119709 996 $6260$a[S. l. :$bs. n.]$9(OLS)http://pul/publisher/47882 LEADER 01468nam a2200301 a 4500 001 000000146367 003 CaOOAMICUS 005 20151009110732.0 008 151009s2015 vc u000 u ita r 020 $a978-88-465-1033-4 040 $aPUL$bita 082 04$a270.809 100 1 $aCardinali, Marco.$0(OLS)http://pul/name/64200 245 12$aL'umiltą della misericordia :$bvita e opera del venerabile p. Felice Prinetti O.M.V. /$cMarco Cardinali ; presentazione di S.E. Mons. Ignazio Sanna. 260 $aCittą del Vaticano :$bLateran University Press,$c©2015. 300 $a111 p. ;$c21 cm. 490 1 $aTestimonianze ;$v05 600 14$aPrinetti, Felice,$cO.M.V.,$d1842-1916.$0(OLS)http://pul/subject/42268 700 1 $aSanna, Ignazio,$carcivesc. di Oristano.$0(OLS)http://pul/name/20154 830 0$aTestimonianze (Lateran University Press) ;$v05.$0(OLS)http://pul/title/142567 850 $aPUL 852 $aPUL$W1$xSL Religione 3$y85$m270. 809 COLL 1.5$j169260$qDDC 21$B170044$CPULBib$Z2$F170044 $H126349 $81 941 1 $a9 996 $6020$a978-88-465-1033-4$9(OLS)http://pul/number/158825 996 $6082$a270.809$9(OLS)http://pul/classification/589 996 $6245$aL'umiltą della misericordia :$bvita e opera del venerabile p. Felice Prinetti O.M.V.$9(OLS)http://pul/title/185011 996 $6260$aCittą del Vaticano :$bLateran University Press$9(OLS)http://pul/publisher/74585